| 000 | 00641cam a2200193 a 4500 | ||
|---|---|---|---|
| 020 | _a0023426055 | ||
| 082 | 0 | 0 |
_a604.2 _bGIE _cD |
| 245 | 0 | 0 |
_aTechnical drawing / _cFrederick E. Giesecke ... [et al.]. |
| 250 | _a9th ed. | ||
| 260 |
_aNew York : _bMacmillan Pub. Co. ; _aToronto : _bCollier Macmillan Canada, _cc1991. |
||
| 300 |
_aix, 938, [104] p. : _bill. (some col.) ; _c26 cm. |
||
| 526 |
_a0 _b0 _c0 _d604_200000000000000_GIE |
||
| 526 |
_a0 _b0 _c0 _d604_200000000000000_GIE |
||
| 526 |
_a0 _b0 _c0 _d604_200000000000000_GIE |
||
| 650 | 0 |
_aMCE _9379 |
|
| 650 | 0 | _aMechanical drawing. | |
| 700 | 1 | _aGiesecke, Frederick E. | |
| 942 |
_2ddc _cBK |
||
| 999 |
_c544701 _d544701 |
||